ا ر د و قو ا ءد ا و ر ا نشا (Record no. 169100)

MARC details
000 -LEADER
fixed length control field 00641nam a22001937a 4500
005 - DATE AND TIME OF LATEST TRANSACTION
control field 20191105164655.0
010 ## - LCCN (DPL NO)
LC control number UR-10575
020 ## - INTERNATIONAL STANDARD BOOK NUMBER
Terms of availability 95.00
International Standard Book Number 9789350072059
035 ## - SYSTEM CONTROL NUMBER
System control number U-9130
037 ## - SOURCE OF ACQUISITION
Source of stock number/acquisition DBAD/PUB
Stock number -
082 ## - DEWEY DECIMAL CLASSIFICATION NUMBER
Classification number 440
100 ## - MAIN ENTRY--PERSONAL NAME
Personal name ا ين سی ای آ ر ٹی کيمپس
245 ## - TITLE STATEMENT
Title ا ر د و قو ا ءد ا و ر ا نشا
Statement of responsibility, etc ا ين سی ای آ ر ٹی کيمپس
246 ## - VARYING FORM OF TITLE
Remainder of title Urdu Qawaeed Aur Insha (Urdu)
Title proper/short title NCERT
260 ## - PUBLICATION, DISTRIBUTION, ETC. (IMPRINT)
Place of publication, distribution, etc N.Delhi
Name of publisher, distributor, etc NCERT
Date of publication, distribution, etc 2013 ء
270 ## - ADDRESS
Address Sri Arvind Marg,
City New Delhi
Postal code 110016
Telephone number 011-26562708
Fax number -
300 ## - PHYSICAL DESCRIPTION
Extent 123 ص
Dimensions 22 Cm(Hb)
942 ## - ADDED ENTRY ELEMENTS (KOHA)
Source of classification or shelving scheme Dewey Decimal Classification
Item type Urdu Bks
Classification part 440
Call number suffix ا ر د
Holdings
Withdrawn status Lost status Not for loan Collection code Home library Current library Date acquired Source of acquisition Cost, normal purchase price Full call number Barcode Copy number Cost, replacement price Koha item type
    Not For Loan Non-fiction D.B.Act.Division D.B.Act.Division 05/11/2019 DBAD/PUB 95.00 440 ا ر د U-9130 1 95.00 Urdu Bks

© Delhi Public Library
Hit Counter
free hit counter